Statistics for NBA Players By Team #1

Click here to take the quiz!

General Stats

  • This quiz has been taken 547 times
    (546 since last reset)
  • The average score is 15 of 16

Answer Stats

Player Team % Correct
LeBron JamesMiami Heat
99%
Chris PaulLos Angeles Clippers
99%
Kobe BryantLos Angeles Lakers
99%
Derrick RoseChicago Bulls
98%
Kevin DurantOklahoma City Thunder
98%
Amare StoudemireNew York Knicks
97%
Rajon RondoBoston Celtics
96%
Tim DuncanSan Antonio Spurs
96%
Dwight HowardOrlando Magic
94%
Kevin LoveMinnesota Timberwolves
92%
Deron WilliamsNew Jersey Nets
82%

Score Distribution

Percentile by Number Answered

Percent of People with Each Score

Your Score History

You have not taken this quiz since the last reset